LEADER 00907nam0-22003131i-450- 001 990001348890403321 010 $a0-521-36102-8 035 $a000134889 035 $aFED01000134889 035 $a(Aleph)000134889FED01 035 $a000134889 100 $a20000920d1990----km-y0itay50------ba 101 0 $aeng 200 1 $aNonlinear Superposition Operators$fJurgen Appell$fPetr P. Zabrejko 210 $aCambridge$cCambridge University Press$d1990 225 1 $aCambridge tracts in mathematics$v95 610 0 $aAnalisi funzionale 610 0 $aAlgebre astratte 676 $a517.00//517.36 700 1$aAppell,$bJürgen$0350374 702 1$aZabreïko,$bPetr Petrovich 801 0$aIT$bUNINA$gRICA$2UNIMARC 901 $aBK 912 $a990001348890403321 952 $a14A-196$b$fFI1 959 $aFI1 996 $aNonlinear Superposition Operators$9376109 997 $aUNINA DB $aING01 LEADER 01321nlm 2200289 450 001 996407850203316 005 20210323101417.0 010 $a1-107-69356-X 100 $a20140812h2014---- uy 0 101 0 $aeng 102 $aUK 135 $adrcnu 200 1 $aAztecs$ean interpretation$fInga Clendinnen 205 $aCanto Classics edition. 210 1 $aCambridge$cCambridge University Press$d2014 215 $aTesto elettronico (PDF) (XVII, [2] carte geografiche, 554 p., [32] p. di tav. : ill.) 230 $aBase dati testuale 330 $aInga Clendinnen crea un'immagine vivida e drammatica della vita nella città azteca di Tenochtitlan, un tempo centro nevralgico dell'impero tributo azteco. Esplora i mondi delle donne azteche, dei sacerdoti e dei guerrieri, in una straordinaria ricreazione della vita quotidiana in città. Mettendo in contrasto la bellezza e la raffinatezza della cultura azteca con la ferocia del sacrificio umano, tenta di spiegare la filosofia, i rituali e le strutture sociali che sono alla base di questo straordinario impero. 606 0 $aAztechi$xCiviltà$2BNCF 676 $a972.018 700 1$aCLENDINNEN,$bInga$0772946 801 0$bcba$aIT$bcba$gREICAT 912 $a996407850203316 959 $aEB 969 $aER 996 $aAztecs$91768826 997 $aUNISA LEADER 01691nam 2200433Ia 450 001 9910701748103321 005 20120518145444.0 035 $a(CKB)5470000002420617 035 $a(OCoLC)793916312 035 $a(EXLCZ)995470000002420617 100 $a20120518d2012 ua 0 101 0 $aeng 135 $aurmn||||||||| 181 $ctxt$2rdacontent 182 $cc$2rdamedia 183 $acr$2rdacarrier 200 10$aMeasure guideline$b[electronic resource] $eevaporative condensers /$fprepared for Building America, Building Technologies Program, Office of Energy Efficiency and Renewable Energy, U.S. Department of Energy ; prepared by A. German, B. Dakin, M. Hoeschele 210 1$a[Washington, D.C.] :$cU.S. Dept. of Energy, Energy Efficiency & Renewable Energy,$d[2012] 215 $a1 online resource (ix, 30 pages) $ccolor illustrations, color maps 300 $aTitle from title screen (viewed on May 18, 2012). 300 $a"March 2012." 300 $aIncludes bibliographical references (p. 29-30). 300 $a"Prepared under subcontract no. KNDJ-0-40340-00." 300 $a"DOE/GO-102012-3531." 517 $aMeasure guideline 606 $aEvaporative cooling 606 $aCondensers (Vapors and gases) 615 0$aEvaporative cooling. 615 0$aCondensers (Vapors and gases) 700 $aGerman$b Alea$01388281 701 $aDakin$b B$01388256 701 $aHoeschele$b M$01388655 712 02$aUnited States.$bDepartment of Energy.$bOffice of Energy Efficiency and Renewable Energy. 801 0$bGPO 801 1$bGPO 906 $aBOOK 912 $a9910701748103321 996 $aMeasure guideline$93439510 997 $aUNINA